UBT Library

CHEMISTRY (Record no. 38560)

000 -LEADER
fixed length control field 00252nam a22001217a 4500
008 - FIXED-LENGTH DATA ELEMENTS--GENERAL INFORMATION
fixed length control field 171127b xxu||||| |||| 00| 0 eng d
041 ## - LANGUAGE CODE
Language code of text/sound track or separate title eng
080 ## - UNIVERSAL DECIMAL CLASSIFICATION NUMBER
Edition identifier 8 ED
Universal Decimal Classification number 54
100 ## - Rafti
Rafti 12
101 ## - Shkurtesa
Shkurtesa KIM
245 ## - TITLE STATEMENT
Title CHEMISTRY
Statement of responsibility, etc HURLWY.M
942 ## - ADDED ENTRY ELEMENTS (KOHA)
Source of classification or shelving scheme
Item type Books
Holdings
Withdrawn status Lost status Source of classification or shelving scheme Damaged status Not for loan Collection code Permanent location Current location Shelving location Date acquired Total Checkouts Full call number Barcode Date last seen Price effective from Koha item type
          Koleksioni i përgjithshem UBT - Lipjan UBT - Lipjan Koleksioni i përgjithshem 11/27/2017   54 HUR 002-2938092 11/27/2017 11/27/2017 Books
UBT Library © 2015-2024. All rights reserved University Education for Business and Technology